000 01070nam a2200313 i 4500
001 768714001
003 CO-MdFUSB
005 20240829142449.0
007 ta
008 230504t1998 sp |||| |||| 00| | spa d
020 _a8481642843
040 _aCO-MdFUSB
_bspa
_cCO-MdFUSB
_dCO-MdFUSBC
_erda
041 _aeng
082 _223
_a299.2
_bM684m
245 0 _a Mitos, leyendas y rituales de los semitas occidentales
_c/ editado y traducido por Gregorio del Olmo Lete
264 1 _aBarcelona, España :
_bTrotta,
_c[1998]
264 4 _c© 1998
300 _a315 páginas
_c; 20 cm
336 _2rdacontent
_atexto
_btxt
337 _2rdamedia
_asin mediación
_bn
338 _2rdacarrier
_avolumen
_bnc
505 _aCiclo canónico de Baal -- Ciclo baálico menor -- Los mitos cultuales de los ciclos de El y de Yarhu -- Sagas y epopeyas -- Textos de la praxis ritual
563 _aRústico
630 0 _aMitos y leyendas
650 7 _96881
_aJudaísmo
700 _98185
_aOlmo Lete, Gregorio del,
_eeditor y traductor
942 _cBK
945 _aMag 1104
999 _c68836
_d68836